| 000 | 00622nam a22001817a 4500 | ||
|---|---|---|---|
| 003 | CEME | ||
| 005 | 20210628203658.0 | ||
| 008 | 210127b xxu||||| |||| 00| 0 eng d | ||
| 040 | _c. | ||
| 082 | _a621.395 HIL | ||
| 100 |
_aHill, Frederick, Peterson, Gerald R _966811 |
||
| 245 | _a Computer aided logical design with emphasis on vlsi | ||
| 250 | _a4TH | ||
| 260 |
_aNEW YORK _bJOHN WILEY & SONS _c1993 |
||
| 300 | _aXV531P | ||
| 650 |
_aLOGIC DESIGN- DATA PROCESSING , INTEGRATED CIRCUITS VERY LARGE SCALE INTEGRATION -DESIGN AND CONSTRUCTION DATA PROCESSING, COMPUTER AIDED DESIGN.VLSI _966812 |
||
| 942 |
_cBK _2ddc |
||
| 999 |
_c574708 _d574708 |
||